000 00924nam0a22002411 4500
001 rc\3646630
005 20250610054639.0
035 _a(NLR Aleph) 007731824
090 _a7063602
_c7063602
100 _a20130115d1970 |||y0rusy50 ca
101 0 _arus
102 _aRU
105 _ac z |||||
200 1 _aЛенин и решение национального вопроса в СССР
_fАН АрмССР. Ин-т истории
210 _aЕреван
_cИзд-во АН Арм. ССР
_d1970
215 _a364 с., 1 л. портр.
_d21
532 1 2 _aЛенин и решение национального вопроса в Союзе Советских Социалистических Республик
700 1 _aМнацаканян
_bА.Н.
_gАрамаис Навасардович
801 0 _aRU
_bNLR
_gpsbo
801 1 _aRU
_bELAR
_2rusmarc
852 _aNLR
_j69-3/9850
942 _cBOOK
980 _aNB